000 00554nam a2200205Ia 4500
005 20250508165451.0
008 008 250505s9999 xx 000 0 hin d
020 _a978-93-5109-000-7
037 _aTextual
040 _aFEDL
_beng
_cFEDL
041 _ahin
_2eng
084 _a891.431, RAW
_qFEDL
100 _aRawat Bhagwat
_9393484
245 0 _aSach poochho to
260 _aNew Delhi, India
_bRadhakrishna Prakashan
_c1996
300 _a110p.
365 _aINR
_b95
942 _cTEXL
_h891.431, RAW
999 _c1395266
_d1395266